000
00284nam a2200109Ia 4500
008
200302s9999 xx 000 0 und d
100
_a
Karl E. Case & Other
245
_a
Priciples of Economics 6th ed.
260
_b
Prentice Hall International Ltd.
260
_c
2001
300
_a
741 P.,
999
_c
1341
_d
1341